Представление документа в формате RUSMARC

ПолеНазваниеЗначение
  Тип записи c
  Библиографический уровень m
001 Контрольный номер RU/УОНБ/EK_N/560194330
005 Дата корректировки 20260217134125.2
010 Индекс ISBN __
9 Тираж 2430 экз.
013 Номер (ISMN) __
d Цена 15 к.
071 Издательские номер (звукозапись и ноты) 21
a Номер, присвоенный агентством 4973
100 Данные общей обработки __
a Данные общей обработки 20171001d1967 u y0rusy0189 ca
101 Язык документа 0_
a Язык текста rus
f Язык титульного листа rus
102 Страна публикации __
a Страна публикации RU
125 Кодированные данные звукозаписи и нотных изданий __
a Форма изложения нотного текста с|
128 Кодированные данные (звукозаписи-физические характеристики) __
a Кодированные данные: Музыкальная форма и тональность или лад fso
c Инструменты или голоса, рекомендуемые для солистов (устаревшее) vh||
200 Заглавие и сведения об ответственности 1_
a Заглавие Три русские народные песни
e Сведения, относящиеся к заглавию для высокого голоса в сопровождении фортепиано
f Первые сведения об ответственности обработка А. Ленского
210 Выходные данные 1_
a Место издания Москва
c Издательство Советский композитор
d Дата издания 1967
215 Физическое описание __
a Объем 11 с.
d Формат 29 см
225 Серия 0_
a Серия Народные песни
327 Примечание о содержании 11
a Примечание о содержании Содерж.: Я по жердочке шла... ; Ой рос ячмень... ; Эх, я по садику гуляла...
464 Аналитический уровень _0
1 2001
a Я по жердочке шла...
464 Аналитический уровень _0
1 2001
a Ой рос ячмень...
464 Аналитический уровень _0
1 2001
a Эх, я по садику гуляла...
500 Унифицированное заглавие 10
a Унифицированное заглавие Русские народные песни
606 Тематические рубрики 0_
a Основная рубрика Высокий голос
x Основная подрубрика Русские народные песни
610 Ключевые слова 0_
a Ключевые слова русские народные песни
610 Ключевые слова 0_
a Ключевые слова высокий голос
686 Индексы других классификаций __
a Классификационный индекс 85.92(2Рос)-4
2 Код системы rubbk
686 Индексы других классификаций __
a Классификационный индекс 85.943.1-42-092
700 Автор _1
a Фамилия Ленский
b Имя (инициалы) А. С.
g Полное личное имя Александр Степанович
801 Источник записи _0
a Страна RU
b Организация Ульяновская ОНБ
c Дата составления 20171001
g Правила каталогизации RCR
801 Источник записи _1
a Страна RU
b Организация Ульяновская ОНБ
c Дата составления 20171001
g Правила каталогизации RCR
901 Тип документа __
t Тип документа m
909 Создатель записи __
a Создатель записи Никитина Т. А.
910 Корректоры записи __
a Корректор записи Никитина Т. А.
b Дата внесения изменения в запись 20260217
938 Служебная информация __
a Имя БД noti
b Имя библиотеки УОНБ
c Имя АИБС МАРК-SQL
d Номер DOC_ID в БД 17006